00471nam a2200193Ia 4500008004100000020001800041050001400059100002100073245004800094245002100142260001500163260001600178260000900194300001500203300002700218300001000245440001400255500000800269170918s9999 xx 000 0 und d a9780439686242 bA456 2004 aAlphonso, Sophie aTrapped in space : the story of apollo 13 / cSophie Alphonso. aNew York : bScholastic, c2004 a40 pages : bcolored illustration ; c19cm. aRead 180. a580